[Event "Novokuznetsk SFO-ch U15 Girls"]
[Site "Novokuznetsk"]
[Date "2014.11.07"]
[Round "6"]
[White "Mongush, Chyzhyrgana"]
[Black "Akyamsova, Diana"]
[Result "0-1"]
[WhiteElo "700"]
[BlackElo "700"]
[PlyCount "128"]
[EventDate "2014.11.02"]
[EventType "swiss"]
[EventRounds "9"]
[EventCountry "RUS"]
[SourceTitle "CBM 163 Extra"]
[Source "ChessBase"]
[SourceDate "2014.12.23"]
[SourceVersion "1"]
[SourceVersionDate "2014.12.23"]
[SourceQuality "1"]

1. e4 e5 2. Nf3 Nc6 3. Nc3 Nf6 4. Be2 Bc5 5. d3 d6 6. 0-0 h6 7. a3 a6 8. b4 Ba7 9. Nh4 Nxe4 10. Nxe4 Qxh4 11. g3 Qe7 12. Bh5 0-0 13. Bg4 f5 14. Bf3 fxe4 15. Bxe4 Be6 16. Qh5 d5 17. Bg6 Bf7 18. Bxh6 gxh6 19. Qxh6 Bxg6 20. Qxg6+ Qg7 21. Qe6+ Qf7 22. Qg4+ Kh8 23. Qh4+ Qh7 24. Qg5 Rf7 25. Rae1 Raf8 26. Re2 Nd4 27. Qxe5+ Kg8 28. Qg5+ Qg7 29. Qxg7+ Kxg7 30. Re3 Nxc2 31. Re5 Bxf2+ 32. Kh1 Nxa3 33. Rg5+ Kh6 34. Rg4 d4 35. Rf4 Rxf4 36. gxf4 Rxf4 37. Kg2 Be3 38. Rxf4 Bxf4 39. h3 Kg6 40. Kf3 Be3 41. h4 Kf5 42. Kg3 Ke5 43. h5 Kd5 44. Kg4 c5 45. bxc5 Kxc5 46. Kf5 Kb4 47. Kg6 Kc3 48. h6 Bxh6 49. Kxh6 b5 50. Kg5 b4 51. Kf4 b3 52. Kf3 b2 53. Ke4 b1Q 54. Kd5 Qxd3 55. Kd6 Nb5+ 56. Kc6 Qc4+ 57. Kd7 Qc5 58. Kd8 Qa7 59. Ke8 Nd6+ 60. Kd8 Nf7+ 61. Ke8 d3 62. Kf8 d2 63. Kg8 Ng5 64. Kf8 Qf7# 0-1